Регионална библиотека "Любен Каравелов" - Русе

Хаос и ред или принципът на "дозираната нестабилност" (Запис номер 73793)

MARC детайли
000 -Лидер
Контролно поле с фиксирана дължина 02113nam a2200433 c 4500
003 - Код на организацията, давaща контролен номер
Контролно поле BLK
005 - Дата и час на последна редакция
Контролно поле 20230210111719.0
008 - Елементи от данни с фиксирана дължина
fixed length control field 180408b bul|||||r ||||||| ||bul||
010 ## - Наследен системен номер
LC control number KNG00078188000
020 ## - Международен стандартен номер на книга ISBN
Международен стандартен номер на книга ISBN 954-449-302-8
-- издат.: Стено
040 ## - Източник на каталожния запис
Идентификатор на билиотеката - собственик на записа BLK
041 ## - Код за език
Код за езика на текст/звукозапис или на отделно заглавие Български
Код за езика КДБФ Български
080 ## - УДК
Текстов определител УДК Психопатология. Вж и 616.8
УДК код - определител по УДК 159.97
УДК определител
УДК - код + определител 159.97
080 ## - УДК
Текстов определител УДК Психиатрия. Патологична психология. Френопатии. Аутизъм (мед. аспекти). Психични(душевни) болести. Психози. Вж и 159.9; 612.82; 615.851; Съдебна психиатрия вж 340.6
УДК код - определител по УДК 616.89
УДК определител
УДК - код + определител 616.89
080 ## - УДК
Текстов определител УДК Възприемане на времето (продължителност) и ритъма. Вж и 115
УДК код - определител по УДК 159.937.53
УДК определител
УДК - код + определител 159.937.53
080 ## - УДК
Текстов определител УДК Психология на расата. Народопсихология
УДК код - определител по УДК 159.922.4
УДК определител
УДК - код + определител 159.922.4
100 1# - Редна дума - Автор
Автор Попов, Георги Иванов
Авторска отговорност първи автор
R(LIN) 269175
139 ## - Редно поле
Редна дума Попов, Георги Иванов
Авторски знак Попов - П 76
245 10 - Сведения за заглавието
Заглавие Хаос и ред или принципът на "дозираната нестабилност"
Редно поле (дума) Георги Иванов Попов.
257 ## - Страна на издаване
Страна на създаване/издаване България
260 ## - Област на издателските данни
-- Варна
Име на издателя, разпространителя и проч. Стено
Година на издаване 2007
300 ## - Физическа характеристика
Страници 232 с. с табл., диагр.
Размери/Мащаб 24 см
380 ## - Жанр
Жанр Философия
500 ## - Общи забележки
Забележка Офс. изд. - ъдържа и Проучени индивидуални случаи. - Библиогр. след отд. статии.
504 ## - Забележка за наличие на библиография и др
Забележка за наличие на библиография и под. след отд. стати
650 #4 - Допълнително описание по предмет – тема
Основно описание – тема или топоним Психология, патологична
9 (RLIN) 271924
650 #4 - Допълнително описание по предмет – тема
Основно описание – тема или топоним Психични болести
9 (RLIN) 253394
650 #4 - Допълнително описание по предмет – тема
Основно описание – тема или топоним Народопсихология
9 (RLIN) 163472
653 ## - Ключова дума – ненормативна
Ключова дума психология
653 ## - Ключова дума – ненормативна
Ключова дума психиатрия
653 ## - Ключова дума – ненормативна
Ключова дума етнопсихология
653 ## - Ключова дума – ненормативна
Ключова дума наркозависимост
653 ## - Ключова дума – ненормативна
Ключова дума народопсихология
852 ## - Местоположение
Форматна сигнатура Цб 235978
856 4# - Електронен адрес и достъп
Електронен формат pdf - файл
Път до файла /url/
856 4# - Електронен адрес и достъп
Електронен формат pdf - файл
Път до файла /url/
942 ## - АРТИКУЛИ
Вид на библиотечния материал Книги
Скрит в OPAC Не
Koha issues (borrowed), all copies 3
944 ## - СЪЗДАВАНЕ И РЕДАКЦИЯ на ЗАПИСА
Създаване/Редакция Създаване
Дата на регистрацията/редакция 12.10.2007
Служител, извършил регистрацията/редакцията Наталия_Медовщикова
944 ## - СЪЗДАВАНЕ И РЕДАКЦИЯ на ЗАПИСА
Създаване/Редакция Редакция
Дата на регистрацията/редакция 17.12.2008
Служител, извършил регистрацията/редакцията
999 ## - СИСТЕМНИ КОНТРОЛНИ НОМЕРА
Koha biblionumber 73793
Koha biblioitemnumber 73793
Наличности
Код за отписване Код за изгубен артикул Източник на класификационната схема Код за повреда Коз за рестрикции Код за отдаване Артикулен № Име на библиотеката - собственик Име на библиотеката, в която се намира в момента Статус (Текущо местоположение) Дата на вписване в системата Местоположение - отдел Цена в лева Инвентарен номер Систематично азбучна сигнатура Баркод Номер на екземпляра Цена в евро Служебна бележка Служебен тип на артикула
  Не е изгубен Universal Decimal Classification Не е повреден без рестрикции заемане за дома 120142 Регионална библиотека "Любен Каравелов" Русе Регионална библиотека "Любен Каравелов" Русе Заемна - подръчен фонд 2007-10-12 Заемна - подръчен фонд 14.00 120000718182 159.97/П 76 Г 120000718182 1 7.16 Дост: Pk Вид: Ф N: 9219 Дата: 01.10.2007 Дата инв: 01.02.2018 Бележки инв: П2018 Книги
  Не е изгубен   Не е повреден без рестрикции ползва се в читалня 120143 Регионална библиотека "Любен Каравелов" Русе Регионална библиотека "Любен Каравелов" Русе Читалня 2007-11-30 Читалня 14.00 120000720798 Ч 159.9/П 76 120000720798 2 7.16 Дост: Pk Вид: Ф N: 11787 Дата: 27.11.2007 Дата инв: 21.03.2017 Бележки инв: Ч2017 Книги
  Не е изгубен   Не е повреден без рестрикции ползва се в читалня 120144 Регионална библиотека "Любен Каравелов" Русе Регионална библиотека "Любен Каравелов" Русе Хранилище 2008-02-14 Хранилище 14.00 120000723312 Цб 235978 120000723312 3 7.16 Дост: Dp Вид: Д N: 46 Дата: 24.10.2007 Книги
Vip Innovations Ltd, Rousse, Bulgaria 2025